Larousse easy english : (Registro nro. 13232)

Detalles MARC
000 -LIDER
fixed length control field 00732nam a22002057a 4500
003 - IDENTIFICACDOR DE NÚMERO DE CONTROL
control field DO-SdBNP
005 - DATE AND TIME OF LATEST TRANSACTION
control field 20171201115039.0
008 - ELEMENTOS DE LONGITUD FIJA
fixed length control field 171201b 2008 sp||||| |||| 00| 0 spa d
020 ## - ISBN
International Standard Book Number 970 221792 X (colección)
040 ## - FUENTE DE CATALOGACIÓN
Agencia que crea de manera original el registro BPMSU
Idioma de catalogación spa
Agencia que realiza la transcripción BPMSU
245 00 - MENCIÓN DE TITULO
Título Larousse easy english :
Subtítulo método integral /
Mención de responsabilidad coordinador editorial Aarón Alboukrek ; ilustraciones Isabelle Herbert, Fernando Puig Rosado
260 ## - PUBLICACIÓN, DISTRIBUCIÓN, ETC. (PIE DE IMPRENTA)
Lugar de publicación, distribución, etc México, D.F. :
Nombre del editor, distribuidor, etc. Larousse,
Fecha de publicación, distribución, etc 2008
300 ## - DESCRIPCIÓN FÍSICA
Extensión 4v. :
Otros detalles físicos il. ;
Dimensiones 23 cm.
Material complementario + 4 CD-ROM's ; 3 DV's
500 ## - NOTA GENERAL
Nota general 4 niveles : 0,1,2,3
700 1# - ASIENTO SECUNDARIO -- NOMBRE PERSONAL
Nombre personal Alboukrek, Aarón,
Mención de responsabilidad coordinador
700 1# - ASIENTO SECUNDARIO -- NOMBRE PERSONAL
Nombre personal Herbet, Isabelle
Mención de responsabilidad il.
700 1# - ASIENTO SECUNDARIO -- NOMBRE PERSONAL
Nombre personal Puig Rosado, Fernando
Mención de responsabilidad il.
942 ## - ADDED ENTRY ELEMENTS (KOHA)
Source of classification or shelving scheme Dewey Decimal Classification
Koha item type Libros
945 ## - INFORMACIÓN DE PROCESAMIENTO LOCAL
Información de procesamiento local Inventariado, 2017/MFF
Existencias
Withdrawn status Lost status Source of classification or shelving scheme Damaged status Not for loan Collection code Home library Current library Date acquired Total Checkouts Full call number Barcode Date last seen Price effective from Koha item type
    Dewey Decimal Classification     Colección General Biblioteca Pública Metropolitana Salomé Ureña Biblioteca Pública Metropolitana Salomé Ureña 12/01/2017   Nivel 0 BPMSU17120007 12/01/2017 12/01/2017 Libros
    Dewey Decimal Classification     Colección General Biblioteca Pública Metropolitana Salomé Ureña Biblioteca Pública Metropolitana Salomé Ureña 12/01/2017   Nivel 1 BPMSU17120008 12/01/2017 12/01/2017 Libros
    Dewey Decimal Classification     Colección General Biblioteca Pública Metropolitana Salomé Ureña Biblioteca Pública Metropolitana Salomé Ureña 12/01/2017   Nivel 2 BPMSU17120010 12/01/2017 12/01/2017 Libros
    Dewey Decimal Classification     Colección General Biblioteca Pública Metropolitana Salomé Ureña Biblioteca Pública Metropolitana Salomé Ureña 12/01/2017   Nivel 3 BPMSU17120011 12/01/2017 12/01/2017 Libros